[Event "GER-ch U12 Girls"]
[Site "Willingen"]
[Date "2023.06.03"]
[Round "9"]
[White "Averkova, Mariia"]
[Black "Glotz, Katharina"]
[Result "1/2-1/2"]
[WhiteElo "1367"]
[BlackElo "1411"]
[PlyCount "43"]
[EventDate "2023.05.27"]
[EventType "swiss"]
[EventRounds "9"]
[EventCountry "GER"]
[SourceTitle "CBM 214 Extra"]
[Source "ChessBase"]
[SourceDate "2023.07.31"]
[SourceVersion "1"]
[SourceVersionDate "2023.07.31"]
[SourceQuality "1"]

1. d4 Nf6 2. Nf3 d5 3. e3 e6 4. b3 c5 5. Bb2 Bd6 6. Nbd2 Nc6 7. Bd3 Bd7 8. 0-0 0-0 9. Ne5 Qc7 10. f4 cxd4 11. exd4 Nb4 12. Rf3 Nxd3 13. Rxd3 Ne8 14. Nxd7 Qxd7 15. Qg4 Nf6 16. Qh4 b5 17. a3 Rac8 18. c3 a5 19. b4 a4 20. Re1 Qc7 21. g3 Nd7 22. Qg4 1/2-1/2

[Event "GER-ch U12 Girls"]
[Site "Willingen"]
[Date "2023.05.31"]
[Round "6"]
[White "Glotz, Katharina"]
[Black "Komar, Valeriia"]
[Result "1-0"]
[WhiteElo "1411"]
[BlackElo "1379"]
[PlyCount "79"]
[EventDate "2023.05.27"]
[EventType "swiss"]
[EventRounds "9"]
[EventCountry "GER"]
[SourceTitle "CBM 214 Extra"]
[Source "ChessBase"]
[SourceDate "2023.07.31"]
[SourceVersion "1"]
[SourceVersionDate "2023.07.31"]
[SourceQuality "1"]

1. e4 e5 2. Nf3 Nf6 3. Nxe5 d6 4. Nf3 Nxe4 5. c4 Be7 6. d4 0-0 7. Bd3 Bf5 8. 0-0 Bf6 9. Re1 Re8 10. Qc2 Qe7 11. Nc3 Nc6 12. Nxe4 Nb4 13. Qe2 Bxe4 14. Bxe4 Kf8 15. Kf1 Rab8 16. Bd2 Nc6 17. Bc3 h6 18. Bxc6 Qxe2+ 19. Rxe2 Rxe2 20. Kxe2 bxc6 21. Kd3 d5 22. Ne5 Bxe5 23. dxe5 Rd8 24. Bd4 a6 25. f4 Ke7 26. g4 g5 27. f5 dxc4+ 28. Kxc4 Rd5 29. Rd1 Kd7 30. Re1 Ke7 31. e6 f6 32. Rd1 Ke8 33. Rd3 Kd8 34. Bxf6+ Ke8 35. Rxd5 cxd5+ 36. Kxd5 a5 37. Kc6 a4 38. Kxc7 a3 39. b3 h5 40. h3 1-0

[Event "GER-ch U12 Girls"]
[Site "Willingen"]
[Date "2023.05.30"]
[Round "4"]
[White "Glotz, Katharina"]
[Black "Roessling, Laura Marie"]
[Result "0-1"]
[WhiteElo "1411"]
[BlackElo "1312"]
[PlyCount "80"]
[EventDate "2023.05.27"]
[EventType "swiss"]
[EventRounds "9"]
[EventCountry "GER"]
[SourceTitle "CBM 214 Extra"]
[Source "ChessBase"]
[SourceDate "2023.07.31"]
[SourceVersion "1"]
[SourceVersionDate "2023.07.31"]
[SourceQuality "1"]

1. e4 e5 2. Nf3 Nc6 3. Bc4 Bc5 4. b4 Bxb4 5. c3 Ba5 6. d4 exd4 7. 0-0 Nf6 8. Ba3 d6 9. e5 Ne4 10. exd6 cxd6 11. Re1 d5 12. Bd3 dxc3 13. Bxe4 dxe4 14. Rxe4+ Be6 15. Qc2 Ne7 16. Nd4 0-0 17. Nxe6 fxe6 18. Rxe6 Rf7 19. Nxc3 Rc8 20. Rc1 Nd5 21. Bb2 Rfc7 22. Qb3 Bxc3 23. Bxc3 Rxc3 24. Rxc3 Rxc3 25. Qd1 Qd7 26. Re1 Nf6 27. Qe2 Qc6 28. Qd1 Qd5 29. Qe2 Qe4 30. Qd2 Qd3 31. Qf4 Rc8 32. h3 Rf8 33. Qe5 Qd5 34. Qb2 Ne4 35. Rf1 b6 36. Qc2 Nc5 37. Rd1 Qf7 38. a3 Qb3 39. Qd2 Ne6 40. Qd7 Rd8 0-1

[Event "GER-ch U10 Girls"]
[Site "Willingen"]
[Date "2022.06.07"]
[Round "5"]
[White "Glotz, Katharina"]
[Black "Schirmbeck, Lilian"]
[Result "0-1"]
[WhiteElo "1067"]
[BlackElo "980"]
[PlyCount "100"]
[EventDate "2022.06.04"]
[EventType "swiss"]
[EventRounds "11"]
[EventCountry "GER"]
[SourceTitle "CBM 208 Extra"]
[Source "ChessBase"]
[SourceDate "2022.07.31"]
[SourceVersion "1"]
[SourceVersionDate "2022.07.31"]
[SourceQuality "1"]

1. e4 e5 2. Nf3 Nc6 3. Bc4 Bc5 4. 0-0 Nf6 5. d3 d6 6. h3 h6 7. Be3 Bb6 8. Nc3 g5 9. Bb5 Bd7 10. d4 g4 11. hxg4 a6 12. Ba4 h5 13. gxh5 Rxh5 14. Bg5 Nxd4 15. Bxf6 Qxf6 16. Nxd4 Qh4 17. Qxh5 Qxh5 18. Nf5 0-0-0 19. Bxd7+ Kxd7 20. Ng3 Qh7 21. Nd5 Qh4 22. Nf5 Qh8 23. c4 Kc8 24. Nfe7+ Kb8 25. Nf5 Rg8 26. Nde3 Bxe3 27. Nxe3 Qh4 28. f3 Qg5 29. Rfe1 Qg3 30. Re2 Qxf3 31. Rae1 Qxe4 32. b3 Qg6 33. Nd5 Qg5 34. Rf1 f5 35. b4 Qg4 36. Ne3 Qh4 37. Rxf5 Qe4 38. b5 axb5 39. cxb5 d5 40. Rff2 Qb1+ 41. Rf1 Qxb5 42. Ref2 Qc5 43. Nc2 Rf8 44. a4 Rxf2 45. Rxf2 e4 46. Na1 e3 47. Re2 Qc1+ 48. Kh2 Qxa1 49. Rxe3 Qxa4 50. Re8+ Qxe8 0-1

[Event "GER-ch U10 Girls"]
[Site "Willingen"]
[Date "2022.06.06"]
[Round "3"]
[White "Glotz, Katharina"]
[Black "Jiang, Lucia"]
[Result "1-0"]
[WhiteElo "1067"]
[BlackElo "919"]
[PlyCount "79"]
[EventDate "2022.06.04"]
[EventType "swiss"]
[EventRounds "11"]
[EventCountry "GER"]
[SourceTitle "CBM 208 Extra"]
[Source "ChessBase"]
[SourceDate "2022.07.31"]
[SourceVersion "1"]
[SourceVersionDate "2022.07.31"]
[SourceQuality "1"]

1. e4 e5 2. Nf3 Nc6 3. Bc4 Bc5 4. 0-0 Nf6 5. d3 d6 6. Be3 Bb6 7. h3 h6 8. Nc3 0-0 9. d4 Nd7 10. Nd5 Nf6 11. dxe5 Nxe4 12. Bxb6 axb6 13. Re1 Ng5 14. Nxg5 Qxg5 15. Nxc7 Bxh3 16. Qf3 Ra4 17. Qxh3 Rxc4 18. e6 Qf6 19. Nd5 Qd4 20. Nc3 Qf6 21. Qe3 Rc5 22. Ne4 Qxe6 23. Nxc5 Qxe3 24. Rxe3 bxc5 25. Rd3 Rd8 26. Rad1 Re8 27. Rxd6 Nb4 28. Rb6 Nxc2 29. Rxb7 f6 30. Rdd7 Re4 31. Rxg7+ Kf8 32. Rh7 Kg8 33. Rxh6 Re1+ 34. Kh2 Re2 35. Rxf6 Nd4 36. a4 Rxb2 37. Rxb2 Kg7 38. Ra6 c4 39. Rb7+ Kf8 40. Ra8# 1-0

[Event "GER-ch U10 Girls"]
[Site "Willingen"]
[Date "2021.08.28"]
[Round "9"]
[White "Wartenberg, Adelia"]
[Black "Glotz, Katharina"]
[Result "0-1"]
[WhiteElo "791"]
[BlackElo "1081"]
[PlyCount "72"]
[EventDate "2021.08.22"]
[EventType "swiss"]
[EventRounds "11"]
[EventCountry "GER"]
[SourceTitle "EXT 2022"]
[Source "ChessBase"]
[SourceDate "2021.10.06"]
[SourceVersion "1"]
[SourceVersionDate "2021.10.06"]
[SourceQuality "1"]

1. e4 c5 2. d4 Nf6 3. e5 Qa5+ 4. Nc3 Nd5 5. Bd2 cxd4 6. Nxd5 Qxd5 7. Bb4 Qxe5+ 8. Ne2 Nc6 9. f4 Qd5 10. Ba3 g6 11. Ng3 Qa5+ 12. b4 Qxa3 13. b5 Qc3+ 14. Qd2 Qxa1+ 15. Qd1 Qc3+ 16. Qd2 Qxd2+ 17. Kxd2 Bg7 18. bxc6 dxc6 19. Bc4 0-0 20. Rf1 b5 21. Bb3 e6 22. h4 h5 23. Re1 a5 24. c3 Rd8 25. Bd1 b4 26. Bxh5 dxc3+ 27. Kc2 Rd2+ 28. Kc1 gxh5 29. Nxh5 Rxa2 30. Re3 Rxg2 31. Rd3 Ba6 32. f5 Bh6+ 33. Kd1 c2+ 34. Ke1 c1Q+ 35. Rd1 Qc3+ 36. Rd2 Qxd2# 0-1

[Event "GER-ch U10 Girls"]
[Site "Willingen"]
[Date "2021.08.26"]
[Round "7"]
[White "Margaryan, Mane"]
[Black "Glotz, Katharina"]
[Result "0-1"]
[WhiteElo "893"]
[BlackElo "1081"]
[PlyCount "136"]
[EventDate "2021.08.22"]
[EventType "swiss"]
[EventRounds "11"]
[EventCountry "GER"]
[SourceTitle "EXT 2022"]
[Source "ChessBase"]
[SourceDate "2021.10.06"]
[SourceVersion "1"]
[SourceVersionDate "2021.10.06"]
[SourceQuality "1"]

1. d4 Nf6 2. c4 e5 3. dxe5 Ng4 4. Nc3 Nxe5 5. Bf4 Nxc4 6. b3 Nb6 7. e3 Bc5 8. Bd3 0-0 9. Nf3 Nc6 10. 0-0 d6 11. Rc1 Be6 12. h3 Nd5 13. Nxd5 Bxd5 14. Re1 Ba3 15. Rb1 Nb4 16. Qe2 Bxf3 17. gxf3 Nd5 18. Qc2 Bb4 19. Rf1 Nxf4 20. exf4 Re8 21. Qc4 Bc5 22. Rfe1 Qh4 23. Qc2 Qg3+ 24. Kh1 Qxf3+ 25. Kg1 g6 26. Be4 Qxf4 27. Bxb7 Rab8 28. Bc6 Re5 29. Rxe5 Qxe5 30. Bg2 Qd4 31. Rd1 Qb4 32. Qd2 Qxd2 33. Rxd2 Re8 34. Kf1 c6 35. Re2 Rd8 36. Bxc6 Bb4 37. Bd5 Rc8 38. Re7 Rc1+ 39. Kg2 Rd1 40. Bxf7+ Kf8 41. Rxa7 d5 42. a4 d4 43. Bc4 d3 44. Rf7+ Ke8 45. Rxh7 d2 46. Be2 Re1 47. Kf3 d1Q 48. Bxd1 Rxd1 49. Rh8+ Kf7 50. Ra8 Rd3+ 51. Kg2 Rxb3 52. a5 Ra3 53. a6 Bc5 54. f3 Ra2+ 55. Kg3 Kf6 56. f4 Kf5 57. Rd8 Bf2+ 58. Kf3 Bh4 59. Rh8 Bf6 60. Ra8 Bd4 61. Rf8+ Ke6 62. Ke4 Bc5 63. Re8+ Kf7 64. Re5 Ra4+ 65. Kd5 Be7 66. Re6 Ra5+ 67. Kc6 Rxa6+ 68. Kd5 Rxe6 0-1